000 00943nam a2200277Ia 4500
008 191130s2010##################000#0#eng##
020 _a9783110227550
022 _a2010016943
040 _aACL
_cACL
082 _a302.23 DE
245 _aCultural ways of worldmaking : media and narratives
_cedited by Vera Nünning, Ansgar Nünning , Birgit Neumann ; in collaboration with Mirjam Horn
260 _aBerlin ; New York
_bDe Gruyter
_cc2010
300 _aviii, 361 p. : ill. ; 24 cm
500 _aIncludes bibliographical references and index
650 _aCreation (Literary, artistic, etc.)
650 _aCulture in literature
650 _aDiscourse analysis, Narrative
650 _aLanguage and culture
650 _aMass media and culture
700 _aNeumann, Birgit
700 _aNünning, Ansgar
700 _aNünning, Vera
990 _a5bdb4a72ac10000c2c7eb8a2dcc79714
991 _a173735
999 _c142916
_d142916